Sea-level changes
Guardat en:
| Autors principals: | , |
|---|---|
| Format: | Llibre |
| Idioma: | anglès |
| Publicat: |
Oxford
Basil Blackwell
1987
|
| Col·lecció: | Special Publications series, 20
|
| Matèries: | |
| Etiquetes: |
Afegir etiqueta
Sense etiquetes, Sigues el primer a etiquetar aquest registre!
|
MARC
| LEADER | 00000nam a2200000 a 4500 | ||
|---|---|---|---|
| 001 | UCV4870 | ||
| 003 | CL-VaPUC | ||
| 008 | 900306e19870000UK |||||||||||||||||eng|d | ||
| 082 | 0 | 4 | |a 551.46 |b TOO |2 21 |
| 100 | 0 | |a Tooley, Michael J |e author |9 299044 | |
| 700 | 0 | |a Shennan, Ian |e author |9 299045 | |
| 245 | 1 | 0 | |a Sea-level changes |
| 300 | |a 397 p | ||
| 942 | |c BK | ||
| 945 | |d 19900306 00:00:00 | ||
| 260 | |a Oxford |b Basil Blackwell |c 1987 | ||
| 650 | 0 | |a Erosión costera |9 261199 | |
| 583 | |a last modification |c 19900306 00:00:00 |k Rodrigo Vera | ||
| 490 | 0 | |a Special Publications series, 20 | |
| 999 | |c 211515 |d 211513 | ||
| 952 | |0 0 |1 0 |2 ddc |4 0 |6 551_460000000000000_TOO_1987 |7 0 |8 CCM |9 191005 |a BIBCUR |b BIBCUR |c PAC |d 2019-11-14 |i 2586614 |o 551.46 TOO 1987 |p 2586614 |r 2025-04-22 |w 2019-11-14 |y BK |k CIM | ||